| 000 | 00000cam 2200000zi 4500 |
| 001 | 9.963261 |
| 003 | CaOODSP |
| 005 | 20260602150431 |
| 006 | m o d f |
| 007 | cr |n||||||||| |
| 008 | 260602t19761976onc o f000 0 eng d |
| 040 | |aCaOODSP|beng|erda|cCaOODSP |
| 043 | |an-cn--- |
| 086 | 1 |aJS22-33/1976E-PDF|zJS22-33/1976 |
| 245 | 04|aThe highlights of the Peace and Security Program. |
| 264 | 1|aOttawa : |b[Ministry of the Solicitor General of Canada], |c[1976] |
| 264 | 4|c©1976 |
| 300 | |a1 online resource (11 pages) |
| 336 | |atext|btxt|2rdacontent |
| 337 | |acomputer|bc|2rdamedia |
| 338 | |aonline resource|bcr|2rdacarrier |
| 500 | |aIssued also in French under title: Les faits saillants du Programme ordre et sécurité publics. |
| 500 | |aDigitized edition from print [produced by Public Safety Canada]. |
| 650 | 0|aCrime prevention|zCanada. |
| 650 | 0|aCriminal law|zCanada. |
| 650 | 0|aCapital punishment|zCanada. |
| 650 | 0|aViolence (Law)|zCanada. |
| 650 | 0|aFirearms|xLaw and legislation|zCanada. |
| 650 | 0|aElectronics in criminal investigation|zCanada. |
| 650 | 0|aCriminal justice, Administration of|zCanada. |
| 710 | 1 |aCanada. |bMinistry of the Solicitor General, |eissuing body. |
| 775 | 08|tLes faits saillants du Programme ordre et sécurité publics.|w(CaOODSP)9.963262 |
| 856 | 40|qPDF|s945 KB|uhttps://publications.gc.ca/collections/collection_2026/sp-ps/JS22-33-1976-eng.pdf |